000 00876nam a22002171i 4500
001 179660
003 ES-MaACL
005 20250730024620.0
008 111230s1930 sp |||| | spa d
100 1 _aGonzález Barrios, Nieves.
_958449
245 1 0 _aOrganización y reglamentación del Cuerpo e Institución de Enfermeras visitadoras y acción cultural de las mismas / por Nieves Gonzalez Barrios.
260 _aMadrid :
_bSociedad Española de Higiene,
_c1930.
300 _a33 p. ;
_c22 cm.
490 1 _aLegado Roel: Colección de Memorias Premiadas ;
_v39
500 _aConcurso de 1928-1929.
650 4 _aEnfermeras.
_9148918
710 2 _aSociedad Española de Higiene.
_96725
830 0 0 _aLegado Roel: Colección de memorias premiadas
_v39
_9183286
852 _aES-MaACL
_jC-8172(12)
_z.- Encuadernado con otras obras
999 _c179660
_d179660